|
|
|
|
| LEADER |
00889naa a2200217 i 4500 |
| 001 |
acta59682 |
| 005 |
20230626123950.0 |
| 008 |
191008s2002 hu o 1|| eng d |
| 040 |
|
|
|a SZTE Egyetemi Kiadványok Repozitórium
|b hun
|
| 041 |
|
|
|a eng
|
| 100 |
1 |
|
|a Kovács Kornél
|
| 245 |
1 |
0 |
|a Various hyperplane classifiers using kernel feature spaces
|h [elektronikus dokumentum] :
|b [abstract] /
|c Kovács Kornél
|
| 260 |
|
|
|a University of Szeged
|b Szeged
|c 2002
|
| 300 |
|
|
|a 63
|
| 490 |
0 |
|
|a Conference of PhD Students in Computer Science
|v 3
|
| 650 |
|
4 |
|a Természettudományok
|
| 650 |
|
4 |
|a Számítás- és információtudomány
|
| 695 |
|
|
|a Számítástechnika - előadáskivonat
|
| 700 |
0 |
1 |
|a Kocsor András
|e aut
|
| 711 |
|
|
|a Conference of PhD students in computer science (3.)
|c Szeged
|d 2002. július 1-4.
|
| 856 |
4 |
0 |
|u http://acta.bibl.u-szeged.hu/59682/1/cscs_2002_063.pdf
|z Dokumentum-elérés
|